|
|
|
|
| LEADER |
01152nam a2200301 a 4500 |
| 001 |
4863 |
| 003 |
BD-DhAAL |
| 005 |
20150614114654.0 |
| 008 |
150614s1999 dcua b i001 0 eng |
| 010 |
|
|
|a 98038593
|
| 020 |
|
|
|a 0821342576
|
| 040 |
|
|
|a DLC
|c DLC
|d DLC
|d BD-DhAAL
|
| 050 |
0 |
0 |
|a JF1081
|b .C87 1999
|
| 082 |
0 |
0 |
|a 364.1/323
|2 21
|
| 245 |
0 |
0 |
|a Curbing corruption :
|b toward a model for building national integrity /
|c edited by Rick Stapenhurst and Sahr J. Kpundeh.
|
| 260 |
|
|
|a Washington, D.C. :
|b World Bank,
|c c1999.
|
| 300 |
|
|
|a x, 254 p. :
|b ill. ;
|c 24 cm.
|
| 490 |
|
|
|a EDI development studies
|
| 504 |
|
|
|a Includes bibliographical references (p. 243-246) and index.
|
| 541 |
|
|
|e 4863
|
| 650 |
|
0 |
|a Political corruption.
|9 12023
|
| 650 |
|
0 |
|a Political corruption
|x Case studies.
|9 12024
|
| 650 |
|
0 |
|a Political corruption
|z Africa, Sub-Saharan
|x Case studies.
|9 12025
|
| 700 |
1 |
|
|a Stapenhurst, Rick.
|9 12026
|
| 700 |
1 |
|
|a Kpundeh, Sahr John.
|9 12027
|
| 942 |
|
|
|2 ddc
|c BK
|
| 999 |
|
|
|c 34714
|d 34714
|
| 952 |
|
|
|0 0
|1 0
|2 ddc
|4 0
|6 364_132300000000000_CUR
|7 0
|9 54288
|a SCL
|b SCL
|c GEN
|d 2015-06-14
|l 0
|o 364.1323 CUR
|p 3020004863
|r 2015-06-14
|t 1
|w 2015-06-14
|y BK
|